000 00893nam0a22002531 4500
001 v19\rc\2057955
005 20260406104823.0
035 _a(NLR Aleph) 005135220
090 _a4748600
_c4748600
100 _a20081111d1909 |||y0rusy50 ca
101 0 _arus
102 _aRU
105 _ay a |||||
200 1 _aДесятичная библиографическая классификация
_e(Краткое изложение)
210 _a[Москва]
_cТруд
_d1909
215 _a[4] с.
_d30
300 _aВ конце текста авт.: Богдан Боднарский
309 _aБез тит. л. и обл.
700 1 _8rus
_7ca
_aБоднарский
_bБ. С.
_f1874-1968
_gБогдан Степанович
_3RU\NLR\AUTH\7797974
_980900
801 0 _aRU
_bNLR
_gpsbo
801 1 _aRU
_bProSoft-M
_2rusmarc
852 _aNLR
_bБ
_j730/Б75
942 _cBOOK
980 _aNB